Statystyki dla wymień 20 najbezpieczniejsze kraje świata

Kliknij tutaj aby rozwiązać quiz!

Ogólne statystyki

  • Ten quiz został rozwiązany 51 razy
  • Średni wynik to 12 z 20

Statystyki odpowiedzi

miejsceodpowiedż% Poprawnych
12.Szwajcaria
85%
1.Finlandia
79%
17.Szwecja
79%
4.Dania
77%
18.Islandia
77%
11.Kanada
74%
10.Japonia
72%
16.Hiszpania
68%
15.Włochy
68%
5.Austria
64%
6.Portugalia
64%
3.Irlandia
62%
8.Czechy
57%
13.Grecja
57%
2.
Nowa Zelandia
53%
14.Malta
51%
7.Słowenia
51%
19.
Zjednoczone Emiraty
Arabskie
38%
9.Singapur
38%
20.Holandia (Niderlandy)
2%

Rozkład punktacji

Percentyl według liczby udzielonych odpowiedzi

Procent ludzi z każdym wynikiem

Twoja historia wyników

Nie rozwiązałeś tego quizu